| 000 | 00443aam a2200169 4500 | ||
|---|---|---|---|
| 005 | 20250207164721.0 | ||
| 008 | 150507b1998 xxu||||| |||| 00| 0 spa d | ||
| 041 |
_aESP _aING |
||
| 082 | _aR 423 C719d | ||
| 100 | _aCollazo, Javier L | ||
| 245 | _aDiccionario Enciclopédico de términos técnicos | ||
| 260 |
_aMéxico _bMcGraw-Hill _c1998 |
||
| 300 | _a1787 páginas | ||
| 650 | _aDICCIONARIO | ||
| 650 | _aELECTRÓNICA | ||
| 942 |
_cREF _2ddc |
||
| 999 |
_c7814 _d7814 |
||